Žďárské vrchy - klenot Vysočiny = Žďár Hills - jewel of the Highlands = Saarer Höhen - ein Kleinod des Hochlandes /
| Hlavní autor: | Kunc, Vladimír, 1955- |
|---|---|
| Další autoři: | Tajovský, Miloš, 1956- |
| Jazyk: | Němčina Čeština Angličtina |
| Vydáno: |
Havlíčkův Brod : Video-foto-Kunc, 2006 |
| Vydání: | Vyd. 1. |
| Témata: | |
| Externí odkaz: |
Digitalizovaný dokument
|
| Fyzický popis: |
143 s. : il. (převážně barev.) ; 33 cm |
| Language note: |
Souběžný anglický a německý text |
| LEADER | 02048nam a2200481 a 4500 | ||
|---|---|---|---|
| 001 | nkc20061696053 | ||
| 003 | CZ PrNK | ||
| 005 | 20070315151939.0 | ||
| 007 | ta | ||
| 008 | 061102s2006 xr a e f 000 0 cze | ||
| 015 | |a cnb001696053 | ||
| 020 | |a 80-239-8175-7 |q (váz.) | ||
| 035 | |a (OCoLC)124089085 | ||
| 040 | |a OLA001 |b cze |d BOA001 |d ABA001 | ||
| 041 | 1 | |a cze |a eng |a ger |h cze | |
| 043 | |a e-xr--- |b e-xr-mr |2 czenas | ||
| 072 | 7 | |a 913(437) |x Geografie Česka a Slovenska, reálie, cestování |2 Konspekt |9 7 | |
| 080 | |a 502.2 |2 MRF | ||
| 080 | |a 908(437.32-15) |2 MRF | ||
| 080 | |a (437.32-15) |2 MRF | ||
| 080 | |a (084.12) |2 MRF | ||
| 100 | 1 | |a Kunc, Vladimír, |d 1955- |7 xx0027250 |4 pht | |
| 245 | 1 | 0 | |a Žďárské vrchy - klenot Vysočiny = |b Žďár Hills - jewel of the Highlands = Saarer Höhen - ein Kleinod des Hochlandes / |c [fotografie] Vladimír Kunc ; [průvodní slovo Miloš Tajovský] |
| 246 | 3 | 1 | |a Žďár Hills - jewel of the Highlands |
| 246 | 3 | 1 | |a Saarer Höhen - ein Kleinod des Hochlandes |
| 250 | |a Vyd. 1. | ||
| 260 | |a Havlíčkův Brod : |b Video-foto-Kunc, |c 2006 | ||
| 300 | |a 143 s. : |b il. (převážně barev.) ; |c 33 cm | ||
| 546 | |a Souběžný anglický a německý text | ||
| 651 | 7 | |a Žďárské vrchy (Česko) |7 ge131635 |x přírodní poměry |2 czenas | |
| 651 | 7 | |a Žďárské vrchy (Česko) |7 ge131635 |x vlastivěda |2 czenas | |
| 651 | 9 | |a Žďárské vrchy (Czechia) |x natural conditions |2 eczenas | |
| 651 | 9 | |a Žďárské vrchy (Czechia) |x description and travel |2 eczenas | |
| 655 | 7 | |a fotografické publikace |7 fd132276 |2 czenas | |
| 655 | 9 | |a photographical works |2 eczenas | |
| 700 | 1 | |a Tajovský, Miloš, |d 1956- |7 ola2002106695 |4 wfw | |
| 856 | 4 | 1 | |u http://www.digitalniknihovna.cz/mzk/uuid/uuid:e3b05840-2499-11e6-8803-005056827e51 |y Digitalizovaný dokument |x NDK |
| 910 | 2 | |a BOA001 |b 4-1180.106 | |
| 928 | 9 | |a Fotoateliér Video-foto-Kunc | |
| 990 | |a BK | ||
| 995 | |a 01 | ||
| 991 | |b 200702 |c NOV | ||
| 996 | 6 | |b 2610299010 |c 4-1180.106 |l MZK |r Sklad / do 1 hodiny |n 3 |p p.v. |w 000837377 |u 000010 |a 1 |e BOA001 |j MZK50 |s P | |
English
Čeština 